| 000 | 02030naa a2200337Ia 4500 | ||
|---|---|---|---|
| 003 | OSt | ||
| 005 | 20260413093620.0 | ||
| 008 | 260413s2015 xx 000 0 und d | ||
| 040 |
_aFoundation University _beng _cFoundation University _erda |
||
| 050 |
_aCOA (CrSci-Th) LG 221 D35 A37 _bA5 C76 2008 D37 |
||
| 099 | _a2438 | ||
| 100 |
_aDarong, Jade Mark N. _95169 _eauthor. |
||
| 245 | 1 | 0 |
_aYield of coconut (Cocos nucifera L.) sap as affected by different organic fertilizers / _cby Jade Mark N. Darong |
| 260 |
_aDumaguete City : _bFoundation University ; _c2008. |
||
| 264 |
_c2008. _42008. |
||
| 300 |
_3volume _ax, 52 leaves : _bill. (col.) ; _c28 cm. _fresource |
||
| 336 |
_2rdacontent _atext _btxt |
||
| 337 |
_2rdamedia _aunmediated _bn |
||
| 338 |
_3rdacarrier _avolume _bnc |
||
| 502 | _aUndergraduate thesis (Bachelor of Science in Agriculture Major in Crop Science) -- Foundation University, 2008. | ||
| 504 | _aIncludes bibliographical references and appendices. | ||
| 520 | _aThis study evaluates the effects of varying rates of NPK fertilizer on the growth and yield of lettuce. It examines the influence of different fertilizer levels on plant height, leaf development, biomass production, and overall yield. The research aims to determine the optimal fertilizer rate for maximizing productivity while maintaining soil health. The findings provide valuable insights for efficient nutrient management and improved vegetable production practices. Lettuce$xGrowth. Lettuce$xYield. Fertilizers$xApplication. Soil fertility. | ||
| 650 |
_aLettuce _93264 _xGrowth. |
||
| 650 |
_a Lettuce _95170 _xYield. |
||
| 650 |
_a Fertilizers _915493 _xApplication. |
||
| 650 |
_aSoil fertility. _915450 |
||
| 650 |
_aAgricultural extension work. _915494 |
||
| 650 | _aSustainable agriculture. | ||
| 658 |
_aThesis 3 (Manuscript and Defense) : _bAgriculture Major in Crop Science, Bachelor of Science in ; _cCSC402. |
||
| 942 |
_2lcc _cTH _hLG 221 D35 A37 _iA5 C76 2008 D37 _kCOA (CrSci-Th) |
||
| 999 |
_c5734 _d5734 |
||